[Event "HUN-chT2 Charousek 1819"]
[Site "Hungary"]
[Date "2019.02.10"]
[Round "7.12"]
[White "Kurcsics, Erika"]
[Black "Hatzi, Evelin"]
[Result "1-0"]
[WhiteElo "1975"]
[BlackElo "1298"]
[PlyCount "55"]
[EventDate "2018.09.23"]
[EventType "team-tourn"]
[EventRounds "11"]
[EventCountry "HUN"]
[SourceTitle "CBM 189 Extra"]
[Source "ChessBase"]
[SourceDate "2019.06.03"]
[SourceVersion "1"]
[SourceVersionDate "2019.06.03"]
[SourceQuality "1"]
[WhiteTeam "Szentgotthard Alsoszolnok"]
[BlackTeam "Gyor Szechenyi"]
[WhiteTeamCountry "HUN"]
[BlackTeamCountry "HUN"]

1. e4 c5 2. Nc3 Nc6 3. f4 d6 4. h3 e5 5. Nf3 g6 6. Bb5 Bg7 7. Bxc6+ bxc6 8. fxe5 dxe5 9. d3 Ne7 10. 0-0 0-0 11. Qe1 h6 12. Qh4 Be6 13. Bxh6 Bxh6 14. Qxh6 f6 15. Qe3 c4 16. d4 exd4 17. Nxd4 Qb6 18. Na4 Qb4 19. Nxe6 Rf7 20. b3 cxb3 21. cxb3 f5 22. exf5 Nxf5 23. Qg5 Ne7 24. Rxf7 Kxf7 25. Nac5 Qc3 26. Rf1+ Nf5 27. Qf4 Ke7 28. Qc7+ 1-0

[Event "HUN-chT2 Charousek 1819"]
[Site "Hungary"]
[Date "2018.11.18"]
[Round "4.11"]
[White "Kurcsics, Erika"]
[Black "Gyorke, Zoltan"]
[Result "1/2-1/2"]
[WhiteElo "1975"]
[BlackElo "2020"]
[PlyCount "110"]
[EventDate "2018.09.23"]
[EventType "team-tourn"]
[EventRounds "11"]
[EventCountry "HUN"]
[SourceTitle "CBM 189 Extra"]
[Source "ChessBase"]
[SourceDate "2019.06.03"]
[SourceVersion "1"]
[SourceVersionDate "2019.06.03"]
[SourceQuality "1"]
[WhiteTeam "Szentgotthard Alsoszolnok"]
[BlackTeam "Komlo Banyasz"]
[WhiteTeamCountry "HUN"]
[BlackTeamCountry "HUN"]

1. e4 c5 2. Nc3 Nc6 3. f4 g6 4. Nf3 Bg7 5. Bb5 Nd4 6. Nxd4 cxd4 7. Ne2 a6 8. Bd3 d6 9. h3 e6 10. 0-0 Ne7 11. Qe1 0-0 12. Qf2 e5 13. f5 f6 14. c3 gxf5 15. exf5 d5 16. Ng3 e4 17. Be2 d3 18. Bg4 Nc6 19. b3 Ne5 20. Qf4 Bd7 21. Ba3 Qb8 22. Bxf8 Qxf8 23. Bh5 Bh6 24. Qf2 Bc6 25. Rfe1 Qg7 26. Bd1 Qg5 27. Nf1 Kh8 28. Re3 Re8 29. Rg3 Qf4 30. Bh5 Rf8 31. h4 Bd7 32. Ne3 Qxf2+ 33. Kxf2 Bxe3+ 34. Kxe3 Bxf5 35. Rf1 Be6 36. Rf4 b5 37. Kd4 Nd7 38. Bg4 f5 39. Bh3 h6 40. Rg6 Re8 41. Bxf5 Bxf5 42. Rxf5 e3 43. dxe3 d2 44. Rf1 Re4+ 45. Kxd5 Rxe3 46. Rd1 Rd3+ 47. Ke4 Nc5+ 48. Kf4 Kh7 49. Rb6 Kg7 50. Kg4 Ne4 51. Rb7+ Kg8 52. Rb8+ Kg7 53. Rb7+ Kg8 54. Rb8+ Kg7 55. Rb7+ Kg8 1/2-1/2

[Event "HUN-chT2 Charousek 1819"]
[Site "Hungary"]
[Date "2018.10.28"]
[Round "3.11"]
[White "Kende, Gyorgy"]
[Black "Kurcsics, Erika"]
[Result "1-0"]
[WhiteElo "2036"]
[BlackElo "1975"]
[PlyCount "48"]
[EventDate "2018.09.23"]
[EventType "team-tourn"]
[EventRounds "11"]
[EventCountry "HUN"]
[SourceTitle "CBM 189 Extra"]
[Source "ChessBase"]
[SourceDate "2019.06.03"]
[SourceVersion "1"]
[SourceVersionDate "2019.06.03"]
[SourceQuality "1"]
[WhiteTeam "Biatorbagy"]
[BlackTeam "Szentgotthard Alsoszolnok"]
[WhiteTeamCountry "HUN"]
[BlackTeamCountry "HUN"]

1. Nf3 f5 2. e4 e6 3. Nc3 d5 4. exd5 exd5 5. d4 Nf6 6. Bd3 Bd6 7. 0-0 0-0 8. Re1 c6 9. Ne5 Bxe5 10. dxe5 Ne4 11. f3 Nxc3 12. bxc3 f4 13. Ba3 Re8 14. Rb1 Qg5 15. Bd6 b5 16. Bxb5 Bd7 17. Ba4 Rc8 18. e6 Be8 19. Rb7 a5 20. Qd2 Na6 21. Be5 Bg6 22. Rxg7+ Kf8 23. e7+ Ke8 24. Qxd5 Bf7 1-0

[Event "HUN-chT2 Charousek 1718"]
[Site "Hungary"]
[Date "2017.12.17"]
[Round "4.12"]
[White "Kurcsics, Erika"]
[Black "Berta, Tibor"]
[Result "1/2-1/2"]
[WhiteElo "1891"]
[BlackElo "2076"]
[PlyCount "37"]
[EventDate "2017.10.29"]
[EventType "team-tourn"]
[EventRounds "9"]
[EventCountry "HUN"]
[SourceTitle "EXT 2020"]
[Source "ChessBase"]
[SourceDate "2019.10.17"]
[SourceVersion "1"]
[SourceVersionDate "2019.10.17"]
[SourceQuality "1"]
[WhiteTeam "Szentgotthard Alsoszolnok"]
[BlackTeam "Paks ASE II"]
[WhiteTeamCountry "HUN"]
[BlackTeamCountry "HUN"]

1. e4 Nf6 2. Nc3 d5 3. e5 Nfd7 4. d4 e6 5. f4 c5 6. Be3 Nc6 7. Nf3 Be7 8. Be2 Qb6 9. Rb1 0-0 10. 0-0 cxd4 11. Nxd4 Nxd4 12. Bxd4 Bc5 13. Bxc5 Nxc5 14. Kh1 g6 15. Bf3 Bd7 16. Qd2 Na4 17. Nd1 Qc7 18. Ne3 Nb6 19. Qf2 1/2-1/2

[Event "HUN-chT2 Charousek 1718"]
[Site "Hungary"]
[Date "2017.12.03"]
[Round "3.11"]
[White "Kurcsics, Erika"]
[Black "Marton, Jozsef"]
[Result "1/2-1/2"]
[WhiteElo "1891"]
[BlackElo "2083"]
[PlyCount "36"]
[EventDate "2017.10.29"]
[EventType "team-tourn"]
[EventRounds "9"]
[EventCountry "HUN"]
[SourceTitle "EXT 2020"]
[Source "ChessBase"]
[SourceDate "2019.10.17"]
[SourceVersion "1"]
[SourceVersionDate "2019.10.17"]
[SourceQuality "1"]
[WhiteTeam "Szentgotthard Alsoszolnok"]
[BlackTeam "Tapolca Rockwool"]
[WhiteTeamCountry "HUN"]
[BlackTeamCountry "HUN"]

1. c4 e6 2. Nc3 d5 3. d4 Nf6 4. Bg5 Nbd7 5. cxd5 exd5 6. Nf3 Bb4 7. Qb3 c5 8. dxc5 Qa5 9. Bd2 Nxc5 10. Qc2 Be6 11. a3 Rc8 12. Rc1 Bxc3 13. Bxc3 Qd8 14. e3 0-0 15. Bd3 Nfe4 16. 0-0 Nxd3 17. Qxd3 Nxc3 18. Rxc3 Rxc3 1/2-1/2

[Event "Mosonmagyarovar op"]
[Site "Mosonmagyarovar"]
[Date "2017.10.01"]
[Round "7"]
[White "Kurcsics, Erika"]
[Black "Nomin Erdene, Davaademberel"]
[Result "0-1"]
[WhiteElo "1930"]
[BlackElo "2363"]
[PlyCount "70"]
[EventDate "2017.09.28"]
[EventType "swiss"]
[EventRounds "7"]
[EventCountry "HUN"]
[SourceTitle "EXT 2019"]
[Source "ChessBase"]
[SourceDate "2018.10.10"]
[SourceVersion "1"]
[SourceVersionDate "2018.10.10"]
[SourceQuality "1"]

1. e4 c6 2. g3 d5 3. exd5 cxd5 4. d4 Nc6 5. Bg2 Nf6 6. Bg5 Qb6 7. Ne2 Qxb2 8. Nbc3 e6 9. 0-0 Qb6 10. Bxf6 gxf6 11. Rb1 Qd8 12. Qd2 Bg7 13. Qe3 0-0 14. Rfd1 f5 15. Nf4 h6 16. Nce2 Na5 17. Nh5 Nc4 18. Qf3 Bh8 19. Kh1 Kh7 20. Nef4 Nd6 21. Qe2 Bd7 22. Qd3 Rc8 23. Rb2 Qa5 24. Rc1 Qc3 25. Qxc3 Rxc3 26. Ne2 Ra3 27. c3 b6 28. Ra1 Bb5 29. Nhf4 Bc4 30. Kg1 Nb5 31. Rc2 Rc8 32. Kh1 Bxe2 33. Nxe2 Bxd4 34. Nxd4 Nxd4 35. Rcc1 Raxc3 0-1

[Event "Mosonmagyarovar op"]
[Site "Mosonmagyarovar"]
[Date "2017.09.29"]
[Round "2"]
[White "Alexandrov, Ilya"]
[Black "Kurcsics, Erika"]
[Result "0-1"]
[WhiteElo "1224"]
[BlackElo "1930"]
[PlyCount "62"]
[EventDate "2017.09.28"]
[EventType "swiss"]
[EventRounds "7"]
[EventCountry "HUN"]
[SourceTitle "EXT 2019"]
[Source "ChessBase"]
[SourceDate "2018.10.10"]
[SourceVersion "1"]
[SourceVersionDate "2018.10.10"]
[SourceQuality "1"]

1. e4 c5 2. c3 g6 3. d4 cxd4 4. cxd4 d5 5. Nc3 dxe4 6. Bc4 Bg7 7. Qb3 e6 8. d5 exd5 9. Bxd5 Qe7 10. Be3 Nf6 11. Qc4 Nbd7 12. Nxe4 Nxe4 13. Bxe4 0-0 14. Rb1 Nf6 15. Bf3 Bf5 16. Rd1 Rac8 17. Qb5 b6 18. Ne2 Nd7 19. 0-0 Ne5 20. Bd5 Ng4 21. Bf4 Rc5 22. Qb3 Qxe2 23. Bd6 Rc2 24. Bxf8 Bxf8 25. Bxf7+ Kg7 26. Bg8 Rc7 27. h3 Nf6 28. Rde1 Qd3 29. Qxd3 Bxd3 30. Bb3 Bxf1 31. Rxf1 Ne4 0-1

[Event "Mosonmagyarovar op"]
[Site "Mosonmagyarovar"]
[Date "2017.09.29"]
[Round "3"]
[White "Kurcsics, Erika"]
[Black "Csonka, Attila Istvan"]
[Result "0-1"]
[WhiteElo "1930"]
[BlackElo "2349"]
[PlyCount "112"]
[EventDate "2017.09.28"]
[EventType "swiss"]
[EventRounds "7"]
[EventCountry "HUN"]
[SourceTitle "EXT 2019"]
[Source "ChessBase"]
[SourceDate "2018.10.10"]
[SourceVersion "1"]
[SourceVersionDate "2018.10.10"]
[SourceQuality "1"]

1. e4 c5 2. Nc3 Nc6 3. f4 e6 4. Nf3 a6 5. a4 d5 6. Be2 d4 7. Nb1 Nf6 8. d3 e5 9. fxe5 Ng4 10. Bf4 h6 11. h3 g5 12. hxg4 gxf4 13. Qd2 Rg8 14. Qxf4 Rxg4 15. Qh2 Be6 16. Nbd2 Bg7 17. Kd1 b5 18. b3 Qa5 19. Qg1 Rb8 20. Nh4 Qc3 21. Ra2 Bxe5 22. Bxg4 Bxg4+ 23. Nhf3 Bf4 24. Nb1 Qa5 25. Qe1 Qc7 26. Nbd2 Ne5 27. Qf1 Bxd2 28. Kxd2 Nxf3+ 29. Kc1 Ne5 30. Rxh6 c4 31. Rh8+ Ke7 32. Rxb8 Qxb8 33. dxc4 bxc4 34. bxc4 Qc7 35. Rb2 Nxc4 36. Rb4 Be6 37. Qd3 Qf4+ 38. Kb1 Qc7 39. Kc1 a5 40. Rb5 Qf4+ 41. Kb1 Qh2 42. Ka1 Qg1+ 43. Rb1 Qe3 44. Rd1 Ne5 45. Qxe3 dxe3 46. Kb2 Kf6 47. Kc3 Kg5 48. Kd4 Nc4 49. Rb1 Kf4 50. Kd3 Ne5+ 51. Kd4 Nc6+ 52. Kd3 Nb4+ 53. Ke2 Bg4+ 54. Kf1 Nxc2 55. Rc1 Nb4 56. Rc3 Kxe4 0-1

[Event "HUN-chT4 1617"]
[Site "Hungary"]
[Date "2017.04.23"]
[Round "7.2"]
[White "Horvath, Gabor"]
[Black "Kurcsics, Erika"]
[Result "1/2-1/2"]
[WhiteElo "1956"]
[BlackElo "1972"]
[PlyCount "61"]
[EventDate "2016.10.02"]
[EventType "team-tourn"]
[EventRounds "7"]
[EventCountry "HUN"]
[SourceTitle "EXT 2019"]
[Source "ChessBase"]
[SourceDate "2018.10.10"]
[SourceVersion "1"]
[SourceVersionDate "2018.10.10"]
[SourceQuality "1"]

1. d4 f5 2. c4 Nf6 3. Nc3 e6 4. Bg5 Be7 5. Nf3 d5 6. e3 0-0 7. Ne5 c6 8. Be2 Nbd7 9. Nxd7 Bxd7 10. 0-0 Ne4 11. Bxe7 Qxe7 12. Qc2 Qg5 13. f4 Qh6 14. Nxe4 dxe4 15. c5 Be8 16. Kh1 g5 17. g3 g4 18. Rf2 Qf6 19. Bf1 Rf7 20. Rb1 h5 21. h4 gxh3 22. Bxh3 Rg7 23. Rg1 Bg6 24. Rfg2 Kf7 25. Qb3 Qe7 26. Kh2 Rb8 27. Qc4 Qd7 28. b4 Ke7 29. a4 Be8 30. a5 a6 31. Kh1 1/2-1/2

[Event "HUN-chT2 Szechenyi 1617"]
[Site "Hungary"]
[Date "2017.02.26"]
[Round "9.7"]
[White "Kurcsics, Erika"]
[Black "Varga, Tibor2222"]
[Result "1-0"]
[WhiteElo "1841"]
[BlackElo "2044"]
[PlyCount "129"]
[EventDate "2016.09.25"]
[EventType "team-tourn"]
[EventRounds "11"]
[EventCountry "HUN"]
[SourceTitle "EXT 2021"]
[Source "ChessBase"]
[SourceDate "2020.10.23"]
[SourceVersion "1"]
[SourceVersionDate "2020.10.23"]
[SourceQuality "1"]
[WhiteTeam "Lovo"]
[BlackTeam "Haladas Szombathely III"]
[WhiteTeamCountry "HUN"]
[BlackTeamCountry "HUN"]

1. e4 d6 2. Nc3 e5 3. h3 f5 4. Bc4 c6 5. Bxg8 Rxg8 6. Qh5+ g6 7. Qxh7 Rg7 8. Qh6 d5 9. d3 d4 10. Nce2 f4 11. Nf3 Nd7 12. Ng5 Nf6 13. g3 fxg3 14. Nxg3 Ng8 15. Qh8 Nf6 16. Bd2 Qe7 17. Qh4 Nh7 18. Nf3 Qd6 19. Ne2 Re7 20. Qg3 Re6 21. Rg1 Bg7 22. Nh4 Nf8 23. f4 exf4 24. Qxf4 Be5 25. Qf2 Rf6 26. Qg2 Bd7 27. 0-0-0 Qe6 28. Nf3 Qxa2 29. Bh6 Qa1+ 30. Kd2 Qa5+ 31. c3 dxc3+ 32. bxc3 Qa2+ 33. Ke3 Qe6 34. Nxe5 Qxe5 35. Bg7 0-0-0 36. Bxf6 Qxf6 37. Rdf1 Qd6 38. Qg3 Qe7 39. Nf4 Be8 40. Ra1 Qd6 41. Kd2 a6 42. Ne2 Qe7 43. Qe3 Ne6 44. Kc2 Qd6 45. Rab1 c5 46. Qg3 Qc6 47. Nf4 Nxf4 48. Qxf4 c4 49. d4 Qa4+ 50. Kd2 Qa2+ 51. Ke3 Qc2 52. Rgc1 Qd3+ 53. Kf2 Qxh3 54. Rb6 Bc6 55. d5 g5 56. Qf6 Bd7 57. Rd1 Bg4 58. Rd2 Rh8 59. Rdb2 Qh2+ 60. Ke3 Qg1+ 61. Qf2 Rh3+ 62. Kd4 Qxf2+ 63. Rxf2 Kc7 64. Rg6 Bd7 65. Rf7 1-0

[Event "HUN-chT2 Szechenyi 1617"]
[Site "Hungary"]
[Date "2016.12.11"]
[Round "6.10"]
[White "Kurcsics, Erika"]
[Black "Abert, Gyula"]
[Result "1-0"]
[WhiteElo "1841"]
[BlackElo "1655"]
[PlyCount "89"]
[EventDate "2016.09.25"]
[EventType "team-tourn"]
[EventRounds "11"]
[EventCountry "HUN"]
[SourceTitle "EXT 2021"]
[Source "ChessBase"]
[SourceDate "2020.10.23"]
[SourceVersion "1"]
[SourceVersionDate "2020.10.23"]
[SourceQuality "1"]
[WhiteTeam "Lovo"]
[BlackTeam "Arboretum"]
[WhiteTeamCountry "HUN"]
[BlackTeamCountry "HUN"]

1. e4 c5 2. Nc3 Nc6 3. f4 Nd4 4. Nf3 a6 5. a4 e6 6. Bc4 Be7 7. Nxd4 cxd4 8. Ne2 Bc5 9. d3 b6 10. 0-0 Nf6 11. e5 Ng4 12. h3 Ne3 13. Bxe3 dxe3 14. d4 d5 15. dxc5 dxc4 16. Qxd8+ Kxd8 17. cxb6 a5 18. Nd4 Bb7 19. Rad1 Ke7 20. Rfe1 Bd5 21. Rxe3 Rab8 22. Nf5+ Kd7 23. Nd6 Rxb6 24. Nxc4 Rc6 25. b3 Rb8 26. Na3 Ke7 27. c4 Bxg2 28. Kxg2 h6 29. Rg3 g6 30. Nb5 h5 31. Rd6 Rc5 32. Rgd3 Re8 33. Rd7+ Kf8 34. Nd6 Rb8 35. Rxf7+ Kg8 36. Rf6 Kg7 37. Rxe6 Rf8 38. Ne4 Rxf4 39. Nxc5 Kh6 40. Rdd6 Kg5 41. Rxg6+ Kh4 42. Rgf6 Re4 43. Kf3 Rxe5 44. Rf4+ Kg5 45. h4# 1-0

[Event "HUN-chT2 Szechenyi 1617"]
[Site "Hungary"]
[Date "2016.10.30"]
[Round "3.10"]
[White "Simo, Judit"]
[Black "Kurcsics, Erika"]
[Result "1/2-1/2"]
[WhiteElo "1814"]
[BlackElo "1841"]
[PlyCount "78"]
[EventDate "2016.09.25"]
[EventType "team-tourn"]
[EventRounds "11"]
[EventCountry "HUN"]
[SourceTitle "EXT 2021"]
[Source "ChessBase"]
[SourceDate "2020.10.23"]
[SourceVersion "1"]
[SourceVersionDate "2020.10.23"]
[SourceQuality "1"]
[WhiteTeam "Tapolca VSE II"]
[BlackTeam "Lovo"]
[WhiteTeamCountry "HUN"]
[BlackTeamCountry "HUN"]

1. e4 c5 2. Nf3 g6 3. d4 cxd4 4. Nxd4 Bg7 5. Be3 Nc6 6. Nc3 Nf6 7. Bc4 0-0 8. 0-0 Ng4 9. Qxg4 Nxd4 10. Qd1 Nc6 11. f4 d6 12. Qd2 Bd7 13. Rad1 Na5 14. Bd3 b6 15. f5 Rc8 16. Bh6 Bc6 17. Rf3 Re8 18. fxg6 fxg6 19. Rdf1 Bf6 20. b4 Ba8 21. Rxf6 exf6 22. bxa5 bxa5 23. Nd5 Bxd5 24. exd5 Re5 25. c4 Qb6+ 26. Kh1 f5 27. Re1 Rce8 28. Rxe5 Rxe5 29. Bf4 Re7 30. h3 Kf7 31. Kh2 Ke8 32. Qc3 Kd7 33. Bd2 Qc5 34. Qb3 Kc8 35. Qa4 Qd4 36. Qc6+ Rc7 37. Qe8+ Kb7 38. Qb5+ Kc8 39. Qe8+ Kb7 1/2-1/2

[Event "Gyor op-A 7th"]
[Site "Gyor"]
[Date "2016.07.07"]
[Round "3"]
[White "Kurcsics, Erika"]
[Black "Pribek, Laszlo"]
[Result "0-1"]
[WhiteElo "1929"]
[BlackElo "2103"]
[PlyCount "88"]
[EventDate "2016.07.06"]
[EventType "swiss"]
[EventRounds "9"]
[EventCountry "HUN"]
[SourceTitle "EXT 2017"]
[Source "ChessBase"]
[SourceDate "2016.10.25"]
[SourceVersion "1"]
[SourceVersionDate "2016.10.25"]
[SourceQuality "1"]

1. c4 g6 2. g3 Bg7 3. Bg2 Nf6 4. Nc3 0-0 5. Nf3 d6 6. d4 Nbd7 7. 0-0 e5 8. Bg5 h6 9. Be3 Ng4 10. Qd2 Nxe3 11. Qxe3 exd4 12. Nxd4 Re8 13. Qd2 Ne5 14. b3 a6 15. Rad1 Rb8 16. f4 Ng4 17. e4 Bd7 18. h3 Nf6 19. Nc2 Bc6 20. Rde1 b5 21. Nb4 Bb7 22. cxb5 axb5 23. Qd3 c5 24. Nbd5 b4 25. Nxf6+ Bxf6 26. Nb1 Qb6 27. Qc2 Ba6 28. Rf3 c4+ 29. Kh2 c3 30. Bf1 Bxf1 31. Rexf1 Rb7 32. Rd1 Rbe7 33. Re1 Qc6 34. Rfe3 Bd4 35. R3e2 f5 36. Nd2 Bc5 37. Nc4 Rxe4 38. Rxe4 Rxe4 39. Rf1 Qe8 40. Qd3 Re2+ 41. Kh1 Qa8+ 42. Qf3 Qxf3+ 43. Rxf3 Bf2 44. Kg2 c2 0-1

[Event "HUN-ch U16 Girls"]
[Site "Balatonlelle"]
[Date "2016.06.27"]
[Round "4"]
[White "Egyed, Judit"]
[Black "Kurcsics, Erika"]
[Result "1-0"]
[WhiteElo "2109"]
[BlackElo "1929"]
[PlyCount "101"]
[EventDate "2016.06.24"]
[EventType "tourn"]
[EventRounds "7"]
[EventCountry "HUN"]
[SourceTitle "CBM 173 Extra"]
[Source "ChessBase"]
[SourceDate "2016.08.29"]
[SourceVersion "1"]
[SourceVersionDate "2016.08.29"]
[SourceQuality "1"]

1. e4 c5 2. Nf3 g6 3. d4 cxd4 4. Nxd4 Bg7 5. Be3 Nc6 6. Nc3 Nf6 7. Bc4 0-0 8. Bb3 Ng4 9. Qxg4 Nxd4 10. Qd1 Nxb3 11. axb3 a6 12. 0-0 d6 13. f4 Bd7 14. f5 Bc6 15. Bd4 Rc8 16. Bxg7 Kxg7 17. Qd4+ f6 18. Ne2 g5 19. Qe3 Bd7 20. Nd4 Qc7 21. Rf3 Rce8 22. h4 h6 23. Qf2 e5 24. Rc3 Qb8 25. Ne2 Rc8 26. Rd1 Rxc3 27. bxc3 Qc7 28. Ng3 Be8 29. hxg5 fxg5 30. Qf3 Qc5+ 31. Kh2 Rf6 32. Rd3 b5 33. b4 Qc7 34. Nf1 Bc6 35. Ng3 Be8 36. Rd1 a5 37. bxa5 Qxa5 38. Qe3 Qa6 39. Qe1 Qb6 40. Rb1 Qc5 41. Ra1 Rf8 42. Ra6 Rf6 43. Qa1 h5 44. Ra7+ Kh6 45. Ra8 Rf8 46. Qa2 Bf7 47. Qa6 Rxa8 48. Qxa8 Kg7 49. Qd8 Qe3 50. f6+ Kg6 51. Qh8 1-0

[Event "HUN-chT4a 1415"]
[Site "Hungary"]
[Date "2015.04.12"]
[Round "7.1"]
[White "Kurcsics, Erika"]
[Black "Horvath, Tibor"]
[Result "1-0"]
[WhiteElo "1716"]
[BlackElo "1794"]
[PlyCount "89"]
[EventDate "2014.10.19"]
[EventType "team-tourn"]
[EventRounds "7"]
[EventCountry "HUN"]
[SourceTitle "EXT 2016"]
[Source "ChessBase"]
[SourceDate "2015.10.08"]
[SourceVersion "1"]
[SourceVersionDate "2015.10.08"]
[SourceQuality "1"]

1. e4 e6 2. Nf3 d5 3. Nc3 Nf6 4. Qe2 a6 5. a4 d4 6. Nb1 c5 7. c3 Nc6 8. e5 Nd5 9. g3 Be7 10. Bg2 Na5 11. 0-0 Nb3 12. Ra2 0-0 13. Qc4 Nxc1 14. Rxc1 b5 15. Qd3 Bd7 16. b3 dxc3 17. dxc3 bxa4 18. bxa4 a5 19. Nbd2 Rb8 20. Ne4 Qc7 21. Re1 Rb3 22. Nfd2 Rbb8 23. f4 Nb6 24. Qc2 c4 25. Nf3 Rfd8 26. Neg5 g6 27. Ne4 Bc6 28. Nd4 Bxe4 29. Bxe4 Bc5 30. Rd1 Bxd4+ 31. cxd4 Nd5 32. Bxd5 exd5 33. f5 Rb4 34. Qd2 gxf5 35. Qg5+ Kh8 36. Qxf5 Rg8 37. Rf1 Rg7 38. e6 fxe6 39. Qxe6 Rb8 40. Qxd5 Rd8 41. Qe6 c3 42. Raf2 Rdg8 43. Rf7 Rxg3+ 44. Kh1 R3g6 45. Qxg6 1-0

[Event "World ol U16"]
[Site "Gyor"]
[Date "2014.12.21"]
[Round "10.3"]
[White "Puskar, Peter"]
[Black "Kurcsics, Erika"]
[Result "1-0"]
[WhiteElo "2051"]
[BlackElo "1803"]
[PlyCount "115"]
[EventDate "2014.12.13"]
[EventType "team-swiss"]
[EventRounds "10"]
[EventCountry "HUN"]
[SourceTitle "EXT 2016"]
[Source "ChessBase"]
[SourceDate "2015.10.08"]
[SourceVersion "1"]
[SourceVersionDate "2015.10.08"]
[SourceQuality "1"]
[WhiteTeam "Slovakia West"]
[BlackTeam "Gyor"]
[WhiteTeamCountry "SVK"]
[BlackTeamCountry "HUN"]

1. d4 f5 2. g3 Nf6 3. Bg2 e6 4. c4 d5 5. Nf3 Be7 6. 0-0 0-0 7. b3 c6 8. Ba3 Nbd7 9. Bxe7 Qxe7 10. a4 Ne4 11. Na3 Ndf6 12. Ne5 Bd7 13. Nc2 Be8 14. Ne1 Bh5 15. f3 Nd6 16. N1d3 Nd7 17. a5 a6 18. Qd2 Nf7 19. Nxd7 Qxd7 20. Qe3 Rfe8 21. Ra4 Rac8 22. Nf4 Bg6 23. Rd1 dxc4 24. Rxc4 Nd6 25. Rc5 Bf7 26. Nd3 Nb5 27. Ne5 Qc7 28. b4 Rcd8 29. Rd3 Rd6 30. Qd2 Red8 31. e3 Qe7 32. f4 Rc8 33. Bf3 Qf6 34. Bd1 Rdd8 35. Qg2 Be8 36. Bb3 Nd6 37. h3 Ne4 38. Rc1 Kh8 39. Kh2 Qe7 40. g4 Rc7 41. Rg1 Qd6 42. Ba2 Re7 43. Qb2 Nf6 44. Rg2 Nd5 45. Bxd5 exd5 46. Rd1 Qf6 47. Rdg1 Rc8 48. Qc2 fxg4 49. Rxg4 Rcc7 50. Rg5 Qh6 51. Qf5 Kg8 52. Ng4 Qh4 53. Nf6+ Kh8 54. Nxe8 Rxe8 55. Rh5 g6 56. Qxg6 Qe7 57. Rxh7+ Qxh7 58. Qxe8+ 1-0

[Event "Gyor op-B 5th"]
[Site "Gyor"]
[Date "2014.07.11"]
[Round "4"]
[White "Kurcsics, Erika"]
[Black "Nikula, Mikko"]
[Result "0-1"]
[WhiteElo "1833"]
[BlackElo "1832"]
[PlyCount "124"]
[EventDate "2014.07.09"]
[EventType "swiss"]
[EventRounds "9"]
[EventCountry "HUN"]
[SourceTitle "EXT 2016"]
[Source "ChessBase"]
[SourceDate "2015.10.08"]
[SourceVersion "1"]
[SourceVersionDate "2015.10.08"]
[SourceQuality "1"]

1. e4 e5 2. Nf3 Nf6 3. Nc3 Bb4 4. Qe2 Nc6 5. Qc4 d6 6. a3 Be6 7. Nd5 Bc5 8. b4 Bb6 9. h3 Bxd5 10. exd5 Ne7 11. Qb5+ c6 12. dxc6 bxc6 13. Qe2 e4 14. Nh2 0-0 15. Bb2 Ng6 16. g3 d5 17. Bg2 Nd7 18. 0-0 f5 19. c4 Nde5 20. c5 Bc7 21. f4 Nd3 22. Bd4 a5 23. Rab1 axb4 24. axb4 Qb8 25. Bc3 Qb5 26. Qe3 Qc4 27. Rfd1 Rfd8 28. Qe2 d4 29. Ba1 Ra4 30. Qh5 Rd5 31. Bf1 Rxb4 32. Rdc1 Qb5 33. Rxb4 Qxb4 34. Bxd3 exd3 35. Nf3 Bd8 36. Bxd4 Rxd4 37. Nxd4 Qxd4+ 38. Kg2 Qxf4 39. Qd1 Qe4+ 40. Kf2 Bf6 41. Qf3 Bd4+ 42. Kg2 Qxf3+ 43. Kxf3 Kf7 44. Rb1 Ke6 45. Rb3 Kd5 46. g4 fxg4+ 47. Kxg4 Kc4 48. Rb7 Kxc5 49. Kf3 Kc4 50. Ke4 c5 51. Rb1 Ne5 52. Rb7 Nc6 53. Rb1 Nb4 54. Rf1 Kb3 55. Rh1 Kc2 56. Rh2 Na2 57. Kd5 Nc1 58. Kc4 Ne2 59. h4 Kxd2 60. Rh3 Be3 61. Kb3 Ke1 62. Rxe3 d2 0-1